|
|
|
|
| LEADER |
01316nab#a2200325#ar4500 |
| 001 |
000072297 |
| 003 |
SVKKK |
| 005 |
20020610xxxxxxx. |
| 008 |
06 c xo huno |
| FMT |
|
|
|
| 038 |
|
|
|a SVKKK
|
| 040 |
|
|
|a SVKKK
|b slo
|e AACR2
|
| 041 |
0 |
|
|a hun
|
| 044 |
|
|
|a xo
|c SK
|
| 080 |
|
|
|a 374
|
| 100 |
0 |
|
|a Az elnökség
|4 aut
|
| 242 |
1 |
0 |
|a Pozvánka
|
| 245 |
1 |
0 |
|a Meghivás
|c Az elnökség
|
| 500 |
|
|
|a mikrofilm
|
| 520 |
2 |
|
|a Správa o tom, že sa pripravuje mimoriadne valné zhromaždenie Zemplínskeho osvetového spolku (A zemplénvármegyei Közművelődési Egyesület) pod vedením predsedu grófa Gejzu Andrášiho (Géza Andrássy) v Sátoraljaujhely 10.02.1914. Zaoberať sa bude prevažne témou "EMKE" [Erdélyi Magyar Közmüvelődési Egyesület (Sedmohradský uhorský osvetový spolok] vo veci rumunského paktu.
|
| 650 |
0 |
4 |
|a Zemplénvármegyei Közművelődési Egyesület pozri Zemplínsky osvetový spolok
|
| 650 |
0 |
4 |
|a Zemplínsky osvetový spolok - Andráši, Gejza (gróf) (predseda) - zhromaždenie valné (mimoriadne) - február 1914 - správy
|
| 773 |
0 |
|
|t Homonna és Vidéke : Hetilap
|g Roč. 14, č. 6 (08.02.1914) s. 2
|
| 957 |
|
|
|a Sátoraljaujhely (HU)
|
| 958 |
|
|
|a DG
|
| 958 |
|
|
|a SK
|
| 974 |
|
|
|a Ba
|d 20020610
|
| 992 |
|
|
|a RBX
|
| BAS |
|
|
|
| 998 |
|
|
|a RETRO
|